000 00317nam a2200109Ia 4500
008 200302s9999 xx 000 0 und d
100 _aNorman K. Booth & Other
245 _aResidntial Landscape Architecture Design Process for the Private Residence
260 _bPrentice Hall Inc.
260 _c1991
300 _a377 P.,
999 _c5901
_d5901